Logo BPK

Biblioteka

Politechniki Koszalińskiej

III Kongres Inżynierów i Techników Polskich, Warszawa 24-26 lutego 1957. (Rekord nr 8206)

Szczegóły MARC
000 -ETYKIETA REKORDU
podpole kontrolne o stałej długości 00934nam a2200241 i 4500
001 - NUMER KONTROLNY REKORDU
pole kontrolne 8206
003 - IDENTYFIKATOR NUMERU KONTROLNEGO REKORDU
podpole kontrolne KOSZ 005
005 - DATA OSTATNIEJ MODYFIKACJI REKORDU
podpole kontrolne 20210407185236.0
008 - POLE O STAŁEJ DŁUGOŚCI - DANE KONTROLNE
podpole kontrolne o stałej długości 081102s1957 pl a f 100 0 pol
015 ## - NUMER BIBLIOGRAFII NARODOWEJ
Numer bibliografii narodowej PB 1958/989
040 ## - ŹRÓDŁO KATALOGOWANIA
Instytucja, która sporządziła opis WA N
Instytucja, która utworzyła rekord KOSZ 005/RW
Instytucja, która dokonała modyfikacji KOSZ 005/RW
080 ## - UNIWERSALNA KLASYFIKACJA DZIESIĘTNA - UKD
UKD 62(438)(061.3)
111 2# - NAZWA IMPREZY
Nazwa imprezy Kongres Inżynierów i Techników Polskich
Oznaczenie części/sekcji/imprezy (3 ;
Data imprezy 1957 ;
Miejsce imprezy Warszawa).
245 10 - TYTUŁ/ODPOWIEDZIALNOŚĆ
Tytuł III Kongres Inżynierów i Techników Polskich, Warszawa 24-26 lutego 1957.
Oznaczenie części/sekcji dzieła T. 1 /
Pozostałe elementy strefy tytułu i oznaczenia odpowiedzialności Naczelna Organizacja Techniczna.
260 ## - STREFA ADRESU WYDAWNICZEGO
Miejsce wydania Warszawa :
Nazwa wydawcy/dystrybutora Wydawnictwo Czasopism Technicznych NOT,
Data publikacji, dystrybucji/powstania dokumentu 1957.
300 ## - STREFA OPISU FIZYCZNEGO
Objętość 287, [1] s. :
Inne cechy fizyczne il. ;
Rozmiary 25 cm.
380 ## - FORMA I TYP PUBLIKACJI
Forma i typ publikacji Książki.
650 #4 - HASŁO PRZEDMIOTOWE W FORMIE NAZWY OGÓLNEJ LUB JEDNOSTKOWEJ
Nazwa ogólna lub geograficzna Technika
Określnik geograficzny Polska.
655 #4 - TERMIN INDEKSOWY - OKREŚLENIE RODZAJU/FORMY DOKUMENTU
Określenie rodzaju/formy dokumentu Materiały konferencyjne
710 2# - HASŁO DODATKOWE - NAZWA CIAŁA ZBIOROWEGO
Nazwa ciała zbiorowego lub jednostki geograficznej Naczelna Organizacja Techniczna
856 ## - LOKALIZACJA I DOSTĘP DO ELEKTRONICZNYCH DOKUMENTÓW ZDALNYCH
Link (URL) http://koha.tu.koszalin.pl/cgi-bin/koha/opac-detail.pl?biblionumber=8206
Tekst linku Katalog online BPK
942 ## - DODATKOWE ELEMENTY (KOHA)
Schemat klasyfikacji Uniwersalna Klasyfikacja Dziesiętna
Typ dokumentu Książka
Egzemplarze
Wycofany Status egzemplarza Uszkodzony Dostępność Lokalizacja stała Lokalizacja bieżąca Miejsce przechowywania Sygnatura Kod kreskowy Typ dokumentu
      Dostępny Biblioteka Politechniki Koszalińskiej Biblioteka Politechniki Koszalińskiej Wypożyczalnia BG 4701 02194349 Książka
© 2023 Biblioteka Politechniki Koszalińskiej :: KOHA